Aplikácia plastických hmôt v automobilovom priemysle
| Corporate Author: | |
|---|---|
| Format: | Conference Proceeding Book |
| Language: | Slovak Czech English German |
| PhysicalDescription: | 129 strán, 1 rozkladací list fotografie, grafy, ilustrácie, schémy, tabuľky 21 cm |
| Published: |
Bratislava
Dom techniky SVTS
1972
|
| Subjects: |
MARC
| LEADER | 00000cam a2200000 a 4500 | ||
|---|---|---|---|
| 001 | vtls001152435 | ||
| 003 | SK-MaSNL | ||
| 005 | 20260425221908.0 | ||
| 008 | 240226s1972 xo odalfrn 100 s slo | ||
| 015 | |a SNBA1972 | ||
| 020 | |q (brožované) | ||
| 035 | |a SNK000095317 | ||
| 035 | |a 596C4A82-95F8-43A1-8274-D0A1B2228582 | ||
| 035 | |a urn:nbn:sk:snk-am00ifis | ||
| 040 | |a SNK |b slo |c SNK |e AACR2 | ||
| 041 | 0 | |a slo |a cze |a eng |a ger | |
| 043 | |a e-xo--- | ||
| 044 | |a xo |c SK | ||
| 072 | 7 | |a 629 |x Dopravné prostriedky |2 konspekt | |
| 072 | 7 | |a 621 |x Strojárstvo |2 konspekt | |
| 080 | |a 629.331:338.45 |2 2011 | ||
| 080 | |a (437.611) |2 2011 | ||
| 080 | |a (042.3) |2 2011 | ||
| 080 | |a (062.534) |2 2011 | ||
| 111 | 2 | |a Aplikácia plastických hmôt v automobilovom priemysle |d (1972 : |c Bratislava, Slovensko) |4 aut |9 281643 | |
| 245 | 1 | 0 | |a Aplikácia plastických hmôt v automobilovom priemysle |c [zodpovedná redaktorka: Hedviga Martinčáková] |
| 260 | |a Bratislava |b Dom techniky SVTS |c 1972 | ||
| 300 | |a 129 strán, 1 rozkladací list |b fotografie, grafy, ilustrácie, schémy, tabuľky |c 21 cm | ||
| 366 | |e 300 kusov | ||
| 504 | |a Bibliografia na konci kapitol | ||
| 546 | |a Súbežný text v češtine, angličtine a nemčine | ||
| 648 | 7 | |a 1972 |2 SNKPH |9 281644 | |
| 650 | 0 | 7 | |a plastické hmoty |2 SNKPH |9 281645 |
| 650 | 0 | 7 | |a automobilový priemysel |2 SNKPH |9 28623 |
| 651 | 7 | |a Bratislava (Slovensko) |2 SNKPHgeo |9 14568 | |
| 655 | 7 | |a prednášky |2 SNKPH |9 70554 | |
| 655 | 7 | |a zborníky konferencií |2 SNKPH |9 70153 | |
| 700 | 1 | |a Martinčáková, Hedviga |4 lso |9 281646 | |
| 852 | |a Slovenská národná knižnica | ||
| 954 | |a odborná, vedecká literatúra pôvodná (slovenská) |2 lita | ||
| 958 | |a RK | ||
| 958 | |a TL | ||
| 958 | |a OND | ||
| 958 | |a ZB | ||
| 958 | |a NB | ||
| 958 | |a EUIPO | ||
| 999 | |c 536849 |d 538779 | ||
| 952 | |t P60, <04>, [BOOK], {604} |a SNK |b SNK |y VYP |7 0 |p 17A0339582 |o snkSC 78479 D1 |i snkD 3123/90 |0 0 |1 0 |4 0 |d 2002-04-11 |l 0 |r 2005-01-01 00:00:00 |w 2026-02-23 | ||
| 952 | |a SNK |b SNK |y PREZ |7 0 |p 17A0991498 |o snkSC 78479 |i snkD 3122/90 |8 1 |0 0 |1 0 |4 0 |d 2012-08-09 |f 1 |l 0 |r 2026-02-23 12:28:03 |w 2026-02-23 | ||


